Biblioteca y Centro de Documentación

The role of economic and social Councils and similar institutions in promoting social protection floors for all through social dialogue (Registro nro. 46392)

Detalles MARC
000 -CABECERA
Longitud fija campo de control 01771nam a2200337 c 4500
001 - NÚMERO DE CONTROL
Número de control 46392
003 - IDENTIFICADOR DE NÚMERO DE CONTROL
Identificador del número de control ES-MaCES
005 - FECHA Y HORA DE LA ÚLTIMA TRANSACCIÓN
Fecha y hora de la última transacción 20180131142522.0
007 - PHYSICAL DESCRIPTION FIXED FIELD--GENERAL INFORMAT
Campo fijo de descripción física cr |||||||||||
008 - CAMPO FIJO DE DESCRIPCIÓN FIJA--INFORMACIÓN GENERAL
Códigos de información de longitud fija   150914s2015 be r i000 ||eng d
020 ## - ISBN (INTERNATIONAL STANDARD BOOK NUMBER)
Número Internacional Normalizado para Libros (ISBN) 978849221298939
020 ## - ISBN (INTERNATIONAL STANDARD BOOK NUMBER)
Número Internacional Normalizado para Libros (ISBN) 978849221298946 (web pdf)
040 ## - FUENTE DE CATALOGACIÓN
Centro catalogador de origen ES-MaCES
Lengua de catalogación spa
Centro transcriptor ES-MaCES
245 14 - MENCIÓN DE TÍTULO
Título The role of economic and social Councils and similar institutions in promoting social protection floors for all through social dialogue
Medio Recurso electrónico
Resto del título : report of the ILO-AICESIS International Conference [on “The Role of Economic and Social Councils and Similar Institutions (ESC-SIs) and Social Dialogue in the Implementation of Social Protection Floors for All”], on 20-21 November, 2014 in Seoul, Korea
Mención de responsabilidad, etc. International Labour Office, Social Protection Department, Governance and Tripartism Department
260 ## - PUBLICACIÓN, DISTRIBUCIÓN, ETC (PIE DE IMPRENTA)
Lugar de publicación, distribución, etc. Geneva
Nombre del editor, distribuidor, etc. ILO
Fecha de publicación, distribución, etc. 2015
300 ## - DESCRIPCIÓN FÍSICA
Extensión 1 documento pdf
Dimensiones (1,31 mb)
541 ## - NOTA DE LA FUENTE INMEDIANTE DE ADQUISICIÓN
Forma de adquisición Gratuito
650 #4 - ASIENTO SECUNDARIO DE MATERIA--TÉRMINO DE MATERIA
Término de materia o nombre geográfico como elemento inicial Consejos Económicos y Sociales
9 (RLIN) 30859
650 #4 - ASIENTO SECUNDARIO DE MATERIA--TÉRMINO DE MATERIA
Término de materia o nombre geográfico como elemento inicial protección social
9 (RLIN) 29076
650 #4 - ASIENTO SECUNDARIO DE MATERIA--TÉRMINO DE MATERIA
Término de materia o nombre geográfico como elemento inicial seguridad social
9 (RLIN) 27034
650 #4 - ASIENTO SECUNDARIO DE MATERIA--TÉRMINO DE MATERIA
Término de materia o nombre geográfico como elemento inicial Recomendación de la OIT
9 (RLIN) 29034
650 #4 - ASIENTO SECUNDARIO DE MATERIA--TÉRMINO DE MATERIA
Término de materia o nombre geográfico como elemento inicial conferencia
9 (RLIN) 27013
653 10 - TÉRMINO DE INDEXACIÓN--NO CONTROLADO
Término no controlado Seguridad Social
650 #4 - ASIENTO SECUNDARIO DE MATERIA--TÉRMINO DE MATERIA
9 (RLIN) 29234
Término de materia o nombre geográfico como elemento inicial desarrollo económico y social
650 #4 - ASIENTO SECUNDARIO DE MATERIA--TÉRMINO DE MATERIA
9 (RLIN) 30664
Término de materia o nombre geográfico como elemento inicial concertación social
710 2# - ENCABEZAMIENTO SECUNDARIO--NOMBRE CORPORATIVO
9 (RLIN) 4718
Nombre de entidad o nombre de jurisdicción como elemento inicial Organización Internacional del Trabajo
711 ## - ENCABEZAMIENTO SECUNDARIO--NOMBRE DE REUNIÓN
9 (RLIN) 36012
Nombre de congreso o nombre de jurisdicción como elemento inicial ILO-AICESIS International Conference on “The Role of Economic and Social Councils and Similar Institutions (ESC-SIs) and Social Dialogue in the Implementation of Social Protection Floors for All”
Fecha del congreso 2014
Sede del congreso Seoul, Korea
856 4# - ACCESO ELECTRÓNICO
Identificador Uniforme del Recurso (URI) http://biblioteca.ces.es/repintra/B46392.pdf
Texto del enlace texto completo
Nota pública [intranet]
902 ## - CES. TIPO DE DOCUMENTO
Tipodoc (006$c Sirtex) ELE PUB. ELECTRONICA
942 ## - ELEMENTOS KOHA
Fuente de clasificaión o esquema Clasificación propia del CES
Koha [por defecto] tipo de item Monografías
Parte de clasificación Administración e Instituciones Públicas

No hay ítems disponibles.

© CES, Consejo Económico y Social de España 2021